Elektronické přístroje pro stimulaci orgánů a tkání /
Guardado en:
| Autores principales: | , |
|---|---|
| Formato: | Libro |
| Lenguaje: | eslovaco |
| Publicado: |
Praha :
SNTL,
1981
|
| Edición: | 1.vyd. |
| Etiquetas: |
Sin Etiquetas, Sea el primero en etiquetar este registro!
|
MARC
| LEADER | 00000nam a22000003a 4500 | ||
|---|---|---|---|
| 001 | stu9481 | ||
| 005 | 20230904104322.1 | ||
| 008 | 970417s1981----cs------------------slo-d | ||
| 040 | |a STU |b slo | ||
| 041 | 0 | |a slo | |
| 044 | |a cs | ||
| 080 | |a 621.316 | ||
| 080 | |a 621.38 | ||
| 100 | 1 | |a Vrána, Milan |4 aut | |
| 245 | 1 | |a Elektronické přístroje pro stimulaci orgánů a tkání / |c [aut.] Vrána,Milan; Uťamyšev,Rustam Izmajl | |
| 250 | |a 1.vyd. | ||
| 260 | |a Praha : |b SNTL, |c 1981 | ||
| 300 | |a 319 s | ||
| 700 | 1 | |a Uťamyšev, Rustam Izmajl |4 aut | |
| 996 | |b E58349 |c E*58349 |l EE08 |s P |a 0 |w stu9481_0003 | ||
| 996 | |b 284EK03591 |c E*56439 |l EE0101 |s P |a 0 |w stu9481_0006 | ||
| 996 | |b 284EK03592 |c E*56438 |l EE01 |s A |a 24 |w stu9481_0008 | ||